Public relations

Saved in:
Bibliografiske detaljer
Hovedforfatter: Kogan, Irving Smith (Author)
Format: Bog
Sprog:engelsk
Udgivet: Nueva York Alexander Hamilton Institute 1973
Udgivelse:1a. ed
Serier:Modern Business
Fag:
Tags: Tilføj Tag
Ingen Tags, Vær først til at tagge denne postø!

MARC

LEADER 00000cam a2200000 a 4500
001 UCD7245
003 CL-VaPUC
008 170317e19730000us |||||||||||||||||eng|d
082 0 4 |a 659.2  |b KOG  |2 21 
100 0 |a Kogan, Irving Smith  |e author  |9 591196 
245 1 0 |a Public relations 
250 |a 1a. ed 
300 |a 327 p 
942 |c BK 
945 |d 20170317 22:16:00  |a dcastane 
260 |a Nueva York  |b Alexander Hamilton Institute  |c 1973 
650 0 |a Relaciones públicas  |9 331772 
650 0 |a Opinión pública  |9 255512 
650 0 |a Administración de empresas   |9 260833 
650 7 |a COMUNICACION DE MASAS  |2 CL-VaPUC  |9 334823 
650 0 |a Marketing  |9 259324 
583 |a last modification  |c 20170317 22:16:00  |k Rodrigo Vera 
490 0 |a Modern Business 
999 |c 367307  |d 367305 
952 |0 0  |1 0  |3 erd  |4 0  |6 659_200000000000000_KOG_1973  |7 0  |8 A  |9 482131  |a BIBENE  |b BIBENE  |i 5381606  |o 659.2 KOG 1973  |p 5381606  |r 2025-01-15  |w 2019-11-24  |y BK  |z Catalogado en:20170317  |k ICO